00908nam a22002057a 4500003000400000005001700004008004100021020001800062040001500080041000800095082001500103100002900118245002100147264004200168300004200210521038400252650002400636650002000660650002200680OSt20260522174417.0260522b ||||| |||| 00| 0 spa d a9781784872816 cCO- Mq BPB aEng aBbAN POEs a Poe, Edgar Allaneautor aSelected Stories aLondon; bPenguin Random House,c2017 a190 páginas;bTapa rustica, c18 cm aLas historias exploran mundos oscuros llenos de misterio, obsesión, culpa, locura y muerte. Entre los relatos más conocidos de Poe se encuentran: The Tell-Tale Heart The Fall of the House of Usher The Black Cat The Murders in the Rue Morgue Los cuentos combinan suspenso psicológico, horror y elementos detectivescos que influyeron profundamente en la literatura moderna. aLocura y obsesión aTerror gótico aMisterio y crimen